Možnosti CT vyšetrenia pri poraneniach hrudníka

Bibliographic Details
Main Author: Ftáčniková, Beata (Author)
Format: Article
Language:Slovak
PhysicalDescription:Obr. 13, tab. 1, res. angl., slov., lit. 7 zázn. v angl.
ISSN:1335-0625
Subjects:

MARC

LEADER 00000nab a2200000 a 4500
001 vtls000513820
003 SK-MaSNL
005 20260304090439.0
008 250425c1994 xo 0 slo
015 |a SNBRB19rr/mm-uuuuu 
035 |a CL0513958 
035 |a urn:nbn:sk:snk-ab6web 
035 |a (uuid)7c363fa3-aa59-4505-99b1-ebad484d56df 
035 |a (urnnbn)urn:nbn:sk:snk:ar-a062i6 
035 |a (sysno)vtls000513820 
040 |a SNKBUCL  |b slo  |c SNKBUCL  |e AACR2 
041 0 |a slo 
044 |a xo  |c SK 
080 |a 616.1/.32-001-073.611.94  |2 1981 
080 |a 611.94  |2 1981 
100 1 |a Ftáčniková, Beata  |4 aut  |9 1381495 
245 1 0 |a Možnosti CT vyšetrenia pri poraneniach hrudníka  |c Beata Ftáčniková 
300 |b Obr. 13, tab. 1, res. angl., slov., lit. 7 zázn. v angl. 
650 0 7 |a hrudník  |2 snkbucl  |9 21704 
650 0 7 |a traumy hrudníka  |2 snkbucl  |9 1381496 
650 0 7 |a tomografia počítačová  |2 snkbucl  |9 891509 
655 7 |a články z novín a časopisov  |2 snkbucl  |9 267496 
773 0 |t Slovenská rádiológia  |g Roč. 1, č. 1 (1994), s. 5-11  |x 1335-0625 
850 |a Slovenská národná knižnica 
852 |a Slovenská národná knižnica 
954 |a odborná, vedecká literatúra pôvodná (slovenská)  |2 lita 
958 |a article27 
958 |a NB 
958 |a RK 
958 |a MI 
958 |a OND 
958 |a EUIPO 
992 |a RBX 
999 |c 2811504  |d 2813434